LIBRARY & INFORMATION CENTRE, KCAET, TAVANUR

ONLINE PUBLIC ACCESS CATALOGUE (OPAC)

Mathematical physics (Record no. 14622)

MARC details
000 -LEADER
fixed length control field 00322nam a22001337a 4500
020 ## - INTERNATIONAL STANDARD BOOK NUMBER
ISBN 9780486435015
082 ## - DEWEY DECIMAL CLASSIFICATION NUMBER
Classification number 530.15
Item number BIT/MA
100 ## - MAIN ENTRY--AUTHOR NAME
Personal name Bitter, Francis
245 ## - TITLE STATEMENT
Title Mathematical physics
260 ## - PUBLICATION, DISTRIBUTION, ETC. (IMPRINT)
Place of publication New York
Name of publisher Dover publications inc
Year of publication 2004
300 ## - PHYSICAL DESCRIPTION
Number of Pages 188
700 ## - ADDED ENTRY--PERSONAL NAME
Personal name Crook, Kenneth
942 ## - ADDED ENTRY ELEMENTS (KOHA)
Koha item type Books
Holdings
Withdrawn status Lost status Damaged status Collection code Home library Current library Shelving location Date acquired Full call number Accession Number Koha item type
        KAUAET KAUAET General Stacks 21/07/2016 530.15 BIT/MA 24256 Books
free website counter